LEADER 03886oam 2200625 c 450 001 996309226503316 005 20220221094418.0 010 $a3-8376-4611-4 010 $a3-8394-4611-2 024 7 $a10.14361/9783839446119 035 $a(CKB)4100000007205191 035 $a(OAPEN)1002634 035 $a(DE-B1597)501396 035 $a(OCoLC)1076460666 035 $a(DE-B1597)9783839446119 035 $a(transcript Verlag)9783839446119 035 $a(MiAaPQ)EBC6956039 035 $a(Au-PeEL)EBL6956039 035 $a(EXLCZ)994100000007205191 100 $a20220221d2018 uy 0 101 0 $ager 135 $auuuuu---auuuu 181 $ctxt$2rdacontent 182 $cc$2rdamedia 183 $acr$2rdacarrier 200 10$aU?ber Projektionen: Weltkarten und Weltanschauungen$eVon der Rekonstruktion zur Dekonstruktion, von der Konvention zur Alternative$fJulia Mia Stirnemann 205 $a1st ed. 210 $aBielefeld$ctranscript Verlag$d2018 215 $a1 online resource (300) 225 0 $aImage$v147 327 $aFrontmatter 1 Inhalt 7 Vorwort 11 Dank 13 Einleitung 17 1. Projektion: Weltkarten und Weltanschauungen 36 2. Projektion: Weltkarten und ihre Geometrie 113 3. Dekonstruktion von Projektionen 173 4. Zusammenfassung 225 Anhang 233 Literaturverzeichnis 235 Abbildungsverzeichnis 243 Glossar 247 Studie: Typisierung von Weltkarten 253 330 $a»U?ber Projektionen« gibt Einsichten in Weltkarten, ihre Darstellungsweisen und den damit verbundenen Weltanschauungen. Die Projektion wird dabei einerseits als ideelle Projektion im Sinne einer Weltanschauung dargelegt, die vorherrschende Vorstellungsbilder, Wertmaßsta?be, Ordnungsprinzipien, Denkweisen oder Erkla?rungsmodelle der Welt beschreibt. Andererseits wird auf die geometrische Projektion, die Weltkarten zugrunde liegt, fokussiert: Jede Weltkarte steht vor der Schwierigkeit, die Kugeloberfla?che in einer zweidimensionalen Ebene darzustellen. In einer Rekonstruktion werden anhand von Weltkarten verschiedene paradigmatische Weltanschauungen aufgezeigt. In einer Dekonstruktion sind konventionelle durch alternative Weltkarten kontrastiert. Die breite Vielfalt an mo?glichen Weltkarten zeigt, dass Weltkarten keinen Status quo abbilden, sondern lediglich eine subjektive Interpretation der Welt zu einem bestimmten Zeitpunkt sind, die sta?ndigen Umbru?chen unterworfen bleiben. 330 1 $aBesprochen in: Vier Viertel Kult, Winter 2019 410 0$aImage 606 $aWeltkarten; Weltanschauungen; Projektion; Ku?nstlerische Forschung; Design; Bild; Kunst; Kulturgeschichte; Kulturtheorie; Kunsttheorie; Kulturgeographie; Kunstwissenschaft; World Maps; Viewpoints; Projection; Artistic Research; Image; Art; Cultural History; Cultural Theory; Theory of Art; Cultural Geography; Fine Arts; 610 $aArt. 610 $aArtistic Research. 610 $aCultural Geography. 610 $aCultural History. 610 $aCultural Theory. 610 $aDesign. 610 $aFine Arts. 610 $aImage. 610 $aProjection. 610 $aTheory of Art. 610 $aViewpoints. 615 4$aWeltkarten; Weltanschauungen; Projektion; Ku?nstlerische Forschung; Design; Bild; Kunst; Kulturgeschichte; Kulturtheorie; Kunsttheorie; Kulturgeographie; Kunstwissenschaft; World Maps; Viewpoints; Projection; Artistic Research; Image; Art; Cultural History; Cultural Theory; Theory of Art; Cultural Geography; Fine Arts; 700 $aStirnemann$b Julia Mia$4aut$0957057 712 02$aSwiss National Science Foundation (SNSF)$4fnd$4http://id.loc.gov/vocabulary/relators/fnd 801 0$bDE-B1597 801 1$bDE-B1597 906 $aBOOK 912 $a996309226503316 996 $aÜber Projektionen: Weltkarten und Weltanschauungen$92167775 997 $aUNISA LEADER 01034nam0 22002891i 450 001 RML0307510 005 20231121125749.0 010 $a0871542358 100 $a20121121d1999 ||||0itac50 ba 101 | $aeng 102 $aus 181 1$6z01$ai $bxxxe 182 1$6z01$an 200 1 $aAddiction$eentries and exitis$fedited by Jon Elster 210 $aNew York $cRussell Sage Foundation $d©1999 215 $aXX, 310 p.$d24 cm. 606 $aAbuso di sostanze$2FIR$3RMLC386614$9I 676 $a616.86$9ABUSO DI SOSTANZE (TOSSICODIPENDENZE)$v21 702 1$aElster$b, Jon$3RMLV153473 801 3$aIT$bIT-01$c20121121 850 $aIT-FR0098 899 $aBiblioteca Area Giuridico Economica$bFR0098 912 $aRML0307510 950 0$aBiblioteca Area Giuridico Economica$d 53DIPSE 616.86/1$e 53VM 0000775545 VM barcode:BAGE012175. - Inventario:692. - Fondo:Sala consultazioneVM$fA $h20081209$i20121204 977 $a 53 996 $aAddiction$9244645 997 $aUNICAS